000
00314 a2200121 4500
000
nam a22 7a 4500
005
20260206121735.0
020
_a
9789395695398
100
_a
Mathur, Divya
_9
1114194
245
_a
Pravasi Shreshtha Kahaniyan : Pravasi Sahitya Mala 1
260
_b
Swaraj
_c
2026
942
_c
TEXL
999
_c
1678796
_d
1678796